000 00571nam a2200193Ia 4500
005 20250517095945.0
008 240911s9999 xx 000 0 und d
020 _a9789380607887
_qhbk
041 _aeng
082 _a320.531095414
_bROY
100 _aRoy, Anuradha.
245 0 _aCultural Communism In Bengal 1936-1952
_c/ Anuradha Roy
250 _a1st edition
260 _bPrimus Books (Ratna Sagar)
_c2014
_aDelhi
300 _a415 p.
_c25 cm.
504 _aindex
650 _aCulture; Communist culture organizations; Politics; Pictorial Art;
942 _cREF
999 _c557902
_d557902